000 00398nam a2200145Ia 4500
008 220216s9999 xx 000 0 und d
100 _aMurphy E A
245 0 _aElectro-decantation for concentrating and purifying latex
260 _bIRI Transactions
_c1942
300 _a173-180
650 _aElectro-decantation
650 _aLatex concentration
650 _aLatex purification
942 _cJS
999 _c58521
_d58521